|
|
|
|
| LEADER |
00000nam a2200000 a 4500 |
| 001 |
vtls001073413 |
| 003 |
SK-MaSNL |
| 005 |
20260301000557.0 |
| 008 |
250414s1993 xo slo |
| 015 |
|
|
|a SNBA1993/12
|
| 020 |
|
|
|a 8005011687
|
| 035 |
|
|
|a SNK000016244
|
| 035 |
|
|
|a urn:nbn:sk:snk-amlnm3
|
| 035 |
|
|
|a urn:nbn:sk:snk-am00bwvi
|
| 035 |
|
|
|a AD4C552A-CB7A-4F37-B8D8-6D4868B283AD
|
| 040 |
|
|
|a SNK
|b slo
|c SNK
|e AACR2
|
| 041 |
0 |
|
|a slo
|
| 044 |
|
|
|a xo
|c SK
|
| 080 |
|
|
|a 371.3:746(072)
|2 1981
|
| 080 |
|
|
|a 746
|2 1981
|
| 100 |
1 |
|
|a Paľove, Jaroslava
|4 aut
|9 46133
|
| 245 |
1 |
0 |
|a Ručné práce
|c Jaroslava Palove
|
| 250 |
|
|
|a 1. vyd.
|
| 260 |
|
|
|a Bratislava
|b Alfa
|c 1993
|
| 300 |
|
|
|a 104 s., 5,21 AH, 5,35 VH
|b Sch.
|c 29 cm
|
| 490 |
1 |
|
|a Edícia literatúry pre spotrebný priemysel
|
| 500 |
|
|
|a Schválilo MŠ a vedy SR
|
| 655 |
|
7 |
|a AMR
|2 SNK
|9 277565
|
| 852 |
|
|
|a Slovenská národná knižnica
|
| 919 |
|
|
|a 80-05-01168-7
|
| 954 |
|
|
|a práce ručné
|a didaktika
|
| 958 |
0 |
7 |
|a UO
|
| 958 |
0 |
7 |
|a RM
|
| 999 |
|
|
|c 532995
|d 534925
|
| 952 |
|
|
|t P60, <04>, [BOOK], {604}
|a SNK
|b SNK
|y VYP
|7 0
|p 17A0027359
|o snkSB 51758 D1
|0 0
|1 0
|4 0
|d 1996-12-12
|l 0
|r 2004-12-31 00:00:00
|w 2026-02-23
|
| 952 |
|
|
|a SNK
|b SNK
|y PREZ
|7 0
|p 17A0904688
|o snkSB 51758
|0 0
|1 0
|4 0
|d 2012-08-07
|f 1
|l 0
|r 2025-03-12 00:00:00
|w 2026-02-23
|